000 00744nam a2200229 i 4500
001 112710
003 ES-MaACL
005 20230906185612.0
007 t|
008 061121s1933 sp r ||||1| spa d
100 1 _aNieto Pena, Jesús.
_985707
245 1 3 _aEl conflicto del Chaco a la luz de la historia /
_cJesús Nieto Pena, Ramiro de Sas-Murias.
250 _a1ª ed.
260 _aMadrid :
_bCenit,
_c1933.
300 _a257 p. ;
_c19 cm.
490 1 _aPanorama literario español e hispano-americano
650 4 _aGuerra del Chaco, 1932-1935.
_913197
700 1 _aSas-Murias, Ramiro de.
_9103903
830 0 _aPanorama literario español e hispano-americano
_9233148
852 _aES-MaACL
_jA-2620
999 _c112710
_d112710